Pháp luật về phòng, chống rửa tiền (Luận văn thạc sĩ. Chuyên nghành Luật kinh tế)

Tìm hiểu về phòng chống rửa tiền trong phá luật Việt Nam

Guardado en:
Detalles Bibliográficos
Autor principal: Trần, Hồng Ca
Formato: Libro
Lenguaje:Undetermined
Publicado: Cần Thơ Đại học Cần Thơ 2014
Materias:
Etiquetas: Agregar Etiqueta
Sin Etiquetas, Sea el primero en etiquetar este registro!
Thư viện lưu trữ: Trung tâm Học liệu Trường Đại học Cần Thơ
LEADER 00852nam a2200229Ia 4500
001 CTU_195148
008 210402s9999 xx 000 0 und d
082 |a 346.597086 
082 |b C100 
088 |a 603850 
100 |a Trần, Hồng Ca 
245 0 |a Pháp luật về phòng, chống rửa tiền 
245 0 |b (Luận văn thạc sĩ. Chuyên nghành Luật kinh tế) 
245 0 |c Trần Hồng Ca; Phạm Văn Beo (hướng dẫn khoa học) 
260 |a Cần Thơ 
260 |b Đại học Cần Thơ 
260 |c 2014 
520 |a Tìm hiểu về phòng chống rửa tiền trong phá luật Việt Nam 
650 |a Money laundering,Rửa tiền 
650 |x Phòng chống 
910 |a Nguyên 
980 |a Trung tâm Học liệu Trường Đại học Cần Thơ